| 000 | 00895nam a2200217 i 4500 | ||
|---|---|---|---|
| 001 | 172453 | ||
| 003 | ES-MaACL | ||
| 005 | 20230906214923.0 | ||
| 008 | 090707s1985 sp |||| | spa d | ||
| 017 | _aM 18810-1985 | ||
| 020 | _a84-290-1295-8 | ||
| 080 | _a347.627.3(460) | ||
| 245 | 0 | 3 |
_aLa disolución de la sociedad conyugal _b: (estudio específico de las atribuciones preferentes de los artículos 1406 y 1407 del Código Civil) / _cpor Víctor Manuel Garrido de Palma... [et al.]. |
| 260 |
_aMadrid : _bInstituto Editorial Reus, _c[1985] |
||
| 300 |
_aXIV, 204 p. ; _c24 cm. |
||
| 504 | _aIncluye referencias bibliográficas. | ||
| 586 | _a"Premio de Investigación del Ilustre Colegio Notarial de Oviedo 1984-1985" - cub. | ||
| 650 | 0 | 4 |
_aSeparación conyugal- _zEspaña. _9140988 |
| 700 | 1 |
_aGarrido de Palma, Víctor Manuel. _9140987 |
|
| 852 |
_aES-MaACL _jE-12767 _9R.143569 |
||
| 999 |
_c172453 _d172453 |
||